Theologieprofessor D. Dr. Johann Nepomuk Köhler, der erste Rektor des Matthias-Gymnasiums
| Titel: | Theologieprofessor D. Dr. Johann Nepomuk Köhler, der erste Rektor des Matthias-Gymnasiums |
|---|---|
| Verfasser: | |
| In: |
Verein für Geschichte Schlesiens: Zeitschrift des Vereins für Geschichte Schlesiens, Band 77 (1943), Seite 102-110 alle Artikel anzeigen |
| Veröffentlicht: | 1943 |
| Format: | Aufsatz |
| Sprache: | Deutsch |
X
alg: 39185733 001A $01999:11-11-16 001B $01999:16-05-21 $t20:15:50.000 001C $06050:19-11-16 $t08:45:24.000 001D $01999:11-11-16 001U $0utf8 001X $00 002@ $0Aox 003@ $0391857339 007A $0391857339 $aHEB 007T $0Herda03598 010@ $ager 011@ $a1943 021A $aTheologieprofessor D. Dr. Johann Nepomuk Köhler, der erste Rektor des Matthias-Gymnasiums 028A $aHoffmann $dHermann 031A $d77 $h102-110 $j1943 039B $aIn $8--Abvc--Verein für Geschichte Schlesiens [Tb1]. Zeitschrift des Vereins für Geschichte Schlesiens. - Breslau : Trewendt & Garnier, 1906-1943 $x194300000770000898 $9047252138 045F $a929.094385 $eDDC23BSB 045F/01 $a929 045F/03 $g4385 045T $a9,10 lok: 39185733 78 exp: 39185733 78 1 #EPN 201B/01 $020-11-17 $t23:21:16.000 201U/01 $0utf8 203@/01 $0787952664 208@/01 $a11-11-16 $be 209A/01 $a/ $f000 $x00 220C/01 $aTitelaufnehmer: cs 244Z/01 $2Trx $#Silesia $#Śląsk $#Sliezsko $#Slezsko $8--Trx--Schlesien $x01 $9391173987 244Z/01 $#Breslau $#Wrocław $#Wrotizla $#Breßlau $#Breßlaw $#Vroclav $#Vratislav $#Vratislavia $#Vratislauiae $#Bresslau $#Wratislavia $#Brassel $#Bresla $#Wratislava $#Smirna $#Breslavia $#Wroclaw $74008216-7 $8--Tg1--Breslau $x02 $9085014184 244Z/01 $aGeschichte 1750-1836 $x03 244Z/01 $2Trx $8--Trx--Köhler, Johann Nepomuk$Z1750-1836 $x04 $9390693073 244Z/01 $2Trx $#teoloogid $#teologai $#theologians $#teológusok $#teologowie $#teológovia $#teologové $8--Trx--Theologen $x05 $9391364359 244Z/01 $2Trx $#keeleteadlased $#kalbininkai $#linguist $#nyelvész $#językoznawcy $#jazykovedeci $#jazykovědci $#Philologen $#philologist $8--Trx--Sprachwissenschaftler $x06 $9391370707 244Z/01 $2Trx $#gümnaasiumid $#gimnazijos $#High schools Gymnasia $#gimnáziumok $#gimnazja $#gymnázia $#gymnázia $#Oberschulen $8--Trx--Gymnasien $x07 $9391356852 244Z/01 $2Trx $#rektorid $#rektoriai $#Headmasters $#rektorok $#rektorzy $#rektori $#rektoři $8--Trx--Rektoren $x08 $9391365649 244Z/01 $2Trx $8--Trx--Zeitschriftenaufsatz $x09 $9391384341 244Z/01 $2Trx $#biograafiad $#biografijos $#biography $#életrajzok $#biografia $#biografie $#biografie $8--Trx--Biographie $x10 $9391352938 245Z/01 $a12.03 $x01 247C/01 $82080>Marburg/Lahn, Herder-Institut, Forschungsbibliothek, Bibliographieportal $9336309341
| LEADER | 00000caa a22000002c 4500 | ||
|---|---|---|---|
| 001 | 391857339 | ||
| 003 | DE-603 | ||
| 005 | 20210516201550.0 | ||
| 007 | tu | ||
| 008 | 161111s1943 xx |||| | u00||u|ger c | ||
| 035 | |a (DE-599)HEB391857339 | ||
| 040 | |a DE-603 |b ger |c DE-603 |d DE-603 | ||
| 041 | |a ger | ||
| 082 | 0 | 4 | |8 1\u |a 929.094385 |q DE-101 |2 23/BSB |
| 084 | |a 9,10 |2 ssgn | ||
| 085 | |8 1\u |b 929 | ||
| 085 | |8 1\u |z 2 |s 4385 | ||
| 100 | 1 | |a Hoffmann, Hermann | |
| 245 | 0 | 0 | |a Theologieprofessor D. Dr. Johann Nepomuk Köhler, der erste Rektor des Matthias-Gymnasiums |
| 264 | 0 | |c 1943 | |
| 773 | 0 | 8 | |i In |a Verein für Geschichte Schlesiens |t Zeitschrift des Vereins für Geschichte Schlesiens |d Breslau : Trewendt & Garnier, 1906-1943 |g Band 77 (1943), Seite 102-110 |w (DE-603)047252138 |w (DE-600)200433-1 |
| 924 | 0 | |9 2080 |a (DE-603)787952664 |b DE-2080 |c HES |d d |g / | |


